[Event "2nd Gujarat Open 2019"]
[Site "Ahmedabad, Gujarat"]
[Date "2019.09.22"]
[Round "?"]
[White "Deepan Chakkravarthy J."]
[Black "Abdullah Al, Raison"]
[Result "1-0"]
[WhiteElo "2539"]
[BlackElo "1838"]
[Annotator "ChessBase"]
[PlyCount "64"]
[EventDate "2019.09.22"]
[EventCountry "IND"]
[SourceTitle "playchess.com"]
[Source "ChessBase"]
[SourceQuality "1"]
[TimeControl "5400+30"]

1. a4 {[%emt 0:05:49]} e5 {[%emt 0:02:02]} 2. e4 {[%emt 0:00:16]} Nf6 {[%emt 0:01:00]} 3. Nc3 {[%emt 0:00:40]} Bc5 {[%emt 0:03:52]} 4. d3 {[%emt 0:04:25]} h6 {[%emt 0:07:37]} 5. Be3 {[%emt 0:02:05]} Bb4 {[%emt 0:02:44]} 6. Be2 {[%emt 0:02:05]} c6 {[%emt 0:13:24]} 7. Nf3 {[%emt 0:02:26]} d5 {[%emt 0:02:55]} 8. Bd2 {[%emt 0:00:56]} Qe7 {[%emt 0:04:59]} 9. O-O {[%emt 0:00:33]} dxe4 {[%emt 0:07:24]} 10. Nxe4 {[%emt 0:01:53]} Nxe4 {[%emt 0:00:25]} 11. dxe4 {[%emt 0:00:13]} O-O {[%emt 0:00:41]} 12. a5 {[%emt 0:02:43]} Nd7 {[%emt 0:06:26]} 13. h3 {[%emt 0:03:35]} Re8 {[%emt 0:05:31]} 14. c3 {[%emt 0:06:43]} Bc5 {[%emt 0:03:24]} 15. b4 {[%emt 0:00:16]} Bd6 {[%emt 0:00:02]} 16. Be3 {[%emt 0:00:12]} Nf6 {[%emt 0:00:42]} 17. Qc2 {[%emt 0:00:08]} Be6 {[%emt 0:02:35]} 18. Nd2 {[%emt 1:04:02]} Qc7 {[%emt 0:02:58]} 19. Nc4 {[%emt 0:00:00]} Bxc4 {[%emt 0:03:24]} 20. Bxc4 {[%emt 0:00:00]} b5 {[%emt 0:00:34]} 21. Be2 {[%emt 0:00:00]} Rab8 {[%emt 0:01:04]} 22. a6 {[%emt 0:00:00]} c5 {[%emt 0:09:27]} 23. c4 {[%emt 0:00:00]} bxc4 {[%emt 0:01:40]} 24. bxc5 {[%emt 0:00:00]} Bxc5 {[%emt 0:06:59]} 25. Qxc4 {[%emt 0:00:00]} Rec8 {[%emt 0:01:48]} 26. Rfc1 {[%emt 0:00:00]} Bb6 {[%emt 0:02:27]} 27. Qxc7 {[%emt 0:04:30]} Rxc7 {[%emt 0:00:20]} 28. Rxc7 {[%emt 0:00:00]} Bxc7 {[%emt 0:00:01]} 29. Bxa7 {[%emt 0:00:00]} Ra8 {[%emt 0:01:27]} 30. Be3 {[%emt 0:00:00]} Nd7 {[%emt 0:01:20]} 31. Bb5 {[%emt 0:00:00]} Nb6 {[%emt 0:00:48]} 32. a7 {[%emt 0:00:00]} Rd8 {[%emt 0:00:18]} 1-0

[Event "2nd Gujarat Open 2019"]
[Site "Ahmedabad, Gujarat"]
[Date "2019.09.22"]
[Round "?"]
[White "Rahman, Ziaur"]
[Black "Sreekar J S S"]
[Result "1-0"]
[WhiteElo "2492"]
[BlackElo "1818"]
[Annotator "ChessBase"]
[PlyCount "120"]
[EventDate "2019.09.22"]
[EventCountry "IND"]
[SourceTitle "playchess.com"]
[Source "ChessBase"]
[SourceQuality "1"]
[TimeControl "5400+30"]

1. Nf3 {[%emt 0:00:10]} Nf6 {[%emt 0:00:00]} 2. c4 {[%emt 0:00:40]} e6 {[%emt 0:00:08]} 3. g3 {[%emt 0:00:25]} d5 {[%emt 0:00:12]} 4. Bg2 {[%emt 0:00:06]} c6 {[%emt 0:08:47]} 5. O-O {[%emt 0:00:22]} Nbd7 {[%emt 0:00:15]} 6. d3 {[%emt 0:02:32]} Be7 {[%emt 0:06:46]} 7. Nc3 {[%emt 0:01:05]} O-O {[%emt 0:04:13]} 8. cxd5 {[%emt 0:13:13]} Nxd5 {[%emt 0:20:40]} 9. Bd2 {[%emt 0:03:39]} b6 {[%emt 0:05:25]} 10. Rc1 {[%emt 0:03:20]} Bb7 {[%emt 0:00:13]} 11. Qa4 {[%emt 0:03:48]} b5 {[%emt 0:15:42]} 12. Qb3 {[%emt 0:01:10]} Qb6 {[%emt 0:03:12]} 13. d4 {[%emt 0:12:24]} Rac8 {[%emt 0:02:53]} 14. h4 {[%emt 0:05:13]} h6 {[%emt 0:04:18]} 15. Nxd5 {[%emt 0:02:32]} cxd5 {[%emt 0:00:42]} 16. Bb4 {[%emt 0:00:22]} Bxb4 {[%emt 0:02:14]} 17. Qxb4 {[%emt 0:00:05]} Rc6 {[%emt 0:08:01]} 18. Rxc6 {[%emt 0:03:37]} Qxc6 {[%emt 0:00:20]} 19. Qe7 {[%emt 0:00:58]} Rc8 {[%emt 0:03:32]} 20. Ne1 {[%emt 0:03:06]} Qc7 {[%emt 0:04:18]} 21. Nd3 {[%emt 0:00:55]} Qd8 {[%emt 0:00:19]} 22. Qxd8+ {[%emt 0:11:51]} Rxd8 {[%emt 0:00:08]} 23. b4 {[%emt 0:01:20]} Rc8 {[%emt 0:00:55]} 24. Ra1 {[%emt 0:00:16]} Bc6 {[%emt 0:02:05]} 25. e3 {[%emt 0:01:04]} Kf8 {[%emt 0:00:17]} 26. Bf1 {[%emt 0:00:09]} Ke7 {[%emt 0:00:35]} 27. Nc5 {[%emt 0:01:02]} Nxc5 {[%emt 0:00:37]} 28. dxc5 {[%emt 0:00:13]} Rb8 {[%emt 0:00:54]} 29. Rb1 {[%emt 0:00:53]} e5 {[%emt 0:03:26]} 30. Rb3 {[%emt 0:00:25]} Rb7 {[%emt 0:00:48]} 31. Ra3 {[%emt 0:00:38]} Ke6 {[%emt 0:02:53]} 32. Ra6 {[%emt 0:01:51]} Kd7 {[%emt 0:00:09]} 33. Bg2 {[%emt 0:00:43]} Kc7 {[%emt 0:00:48]} 34. h5 {[%emt 0:02:00]} Kd7 {[%emt 0:00:32]} 35. Bxd5 {[%emt 0:01:25]} Bxd5 {[%emt 0:00:21]} 36. Rd6+ {[%emt 0:00:02]} Ke7 {[%emt 0:00:28]} 37. Rxd5 {[%emt 0:00:03]} f6 {[%emt 0:00:07]} 38. Rd6 {[%emt 0:00:12]} Rc7 {[%emt 0:00:40]} 39. Ra6 {[%emt 0:00:12]} Kd7 {[%emt 0:00:18]} 40. Kg2 {[%emt 0:00:28]} Ke7 {[%emt 0:00:58]} 41. g4 {[%emt 0:00:10]} Kd7 {[%emt 0:00:26]} 42. Kf3 {[%emt 0:00:08]} Kc8 {[%emt 0:00:12]} 43. Rd6 {[%emt 0:00:42]} Kb7 {[%emt 0:00:09]} 44. Ke4 {[%emt 0:00:08]} a5 {[%emt 0:00:39]} 45. a3 {[%emt 0:00:17]} axb4 {[%emt 0:00:01]} 46. axb4 {[%emt 0:00:06]} Kc8 {[%emt 0:00:15]} 47. Rb6 {[%emt 0:00:24]} Rd7 {[%emt 0:00:40]} 48. Rxb5 {[%emt 0:00:13]} Rd2 {[%emt 0:00:15]} 49. f4 {[%emt 0:00:52]} exf4 {[%emt 0:00:05]} 50. exf4 {[%emt 0:00:04]} Re2+ {[%emt 0:00:22]} 51. Kf5 {[%emt 0:00:09]} Rf2 {[%emt 0:00:04]} 52. Ra5 {[%emt 0:00:20]} Rc2 {[%emt 0:00:16]} 53. Ra7 {[%emt 0:00:11]} Rc4 {[%emt 0:00:17]} 54. Rxg7 {[%emt 0:00:07]} Rxb4 {[%emt 0:00:01]} 55. Rf7 {[%emt 0:00:17]} Rb5 {[%emt 0:00:36]} 56. Kg6 {[%emt 0:00:19]} Rxc5 {[%emt 0:00:21]} 57. Kxh6 {[%emt 0:00:13]} f5 {[%emt 0:00:45]} 58. g5 {[%emt 0:00:17]} Kd8 {[%emt 0:00:20]} 59. g6 {[%emt 0:00:10]} Ke8 {[%emt 0:00:01]} 60. Kg5 {[%emt 0:00:12]} Rc1 {[%emt 0:00:10]} 1-0

[Event "2nd Gujarat Open 2019"]
[Site "Ahmedabad, Gujarat"]
[Date "2019.09.22"]
[Round "?"]
[White "Vasquez Schroeder, Rodrigo"]
[Black "Abhay Bandewar"]
[Result "1/2-1/2"]
[WhiteElo "2476"]
[BlackElo "1815"]
[Annotator "TA"]
[PlyCount "67"]
[EventDate "2019.09.22"]
[EventCountry "IND"]
[SourceTitle "playchess.com"]
[Source "ChessBase"]
[SourceQuality "1"]

{[%evp 14,67,28,18,105,110,104,104,99,58,41,49,55,59,71,-53,48,61,64,39,40,14,26,5,45,23,17,14,22,14,29,15,43,25,22,12,11,18,18,6,6,6,22,0,11,9,31,-4,-6,-54,-63,-52,-54,-123,-123,-174]} 1. e4 c5 2. Nf3 d6 3. d4 cxd4 4. Nxd4 Nf6 5. Nc3 {[%cal Bb1c3,Bc3d5,Bd5c7][%mdl 32]} a6 6. Bg5 Nbd7 7. Bc4 Qa5 8. Qd2 b5 {[#] B94: Sicilian Najdorf: 6 Bg5 Nbd7} (8... e6 $11 {remains equal.}) (8... e6 9. Bb3 Be7 10. O-O-O h6 11. Be3 Nc5 12. Kb1 Bd7 13. f3 Qc7 14. g4 b5 15. a3 Qb7 16. h4 a5 {1-0 (34) Nepomniachtchi,I (2732)-Korobov,A (2711) Khanty-Mansiysk 2017}) 9. Bd5 $1 $16 {[%cal Rd5a8]} Nxd5 10. Nxd5 Qxd2+ {White is better.} 11. Bxd2 {Black must now prevent Nc7+.} Ra7 12. Nc6 Rb7 13. Na5 Rb8 $1 14. Nc7+ Kd8 15. Nd5 {[#] Intending Nc6+ and mate.} Bb7 16. Nxb7+ (16. f3 {keeps more tension.} Nc5 17. Rd1 e6 18. Ne3 Kc7 19. h4) 16... Rxb7 17. O-O-O $146 e6 18. Nb4 Nb8 19. Bf4 a5 20. Nd3 $1 ({Don't blunder} 20. Bxd6 $2 Bxd6 21. Rxd6+ Ke7 $19) 20... Kc8 21. b3 Na6 22. Nb2 Nc5 23. f3 Rd7 24. Rd2 Be7 25. Rhd1 {[%cal Rf4d6]} Rhd8 26. c3 d5 27. exd5 exd5 28. Be3 Kb7 29. Kc2 Ne6 30. g3 Bf6 31. Bd4 Nxd4+ 32. cxd4 Rc8+ 33. Kd3 (33. Kb1 $15) 33... Re7 $17 34. Rf1 {Accuracy: White = 32%, Black = 67%.} (34. Re2 $17 {keeps fighting.}) 1/2-1/2

[Event "2nd Gujarat Open 2019"]
[Site "Ahmedabad, Gujarat"]
[Date "2019.09.22"]
[Round "?"]
[White "Laxman, R.R."]
[Black "Chilukuri Sai Varshith"]
[Result "0-1"]
[WhiteElo "2437"]
[BlackElo "1813"]
[Annotator "NA"]
[PlyCount "125"]
[EventDate "2019.09.22"]
[EventCountry "IND"]
[SourceTitle "playchess.com"]
[Source "ChessBase"]
[SourceQuality "1"]
[TimeControl "5400+30"]

1. d4 {[%emt 0:00:00]} Nf6 {[%emt 0:00:33]} 2. Nf3 {[%emt 0:00:00]} g6 {[%emt 0:01:07]} 3. Nbd2 {[%emt 0:00:00]} d5 {[%emt 0:00:22]} 4. e3 {[%emt 0:00:00]} Bg7 {[%emt 0:01:01]} 5. b4 {[%emt 0:00:00]} O-O {[%emt 0:01:37]} 6. Be2 {[%emt 0:01:18]} b6 {[%emt 0:07:23]} 7. O-O {[%emt 0:00:51]} Bb7 {[%emt 0:03:48]} 8. c4 {[%emt 0:01:22]} Nbd7 {[%emt 0:05:11]} 9. Bb2 {[%emt 0:02:45]} c5 {[%emt 0:04:56]} 10. dxc5 {[%emt 0:01:35]} bxc5 {[%emt 0:04:22]} 11. b5 {[%emt 0:00:05]} e6 {[%emt 0:06:15]} 12. a4 {[%emt 0:00:16]} a5 {[%emt 0:07:27]} 13. Qc2 {[%emt 0:00:23]} Qc7 {[%emt 0:12:32]} 14. Rfd1 {[%emt 0:01:51]} Rfc8 {[%emt 0:05:39]} 15. h3 {[%emt 0:00:24]} Nb6 {[%emt 0:03:34]} 16. Be5 {[%emt 0:00:22]} Qe7 {[%emt 0:03:19]} 17. Qb2 {[%emt 0:01:48]} Ne8 {[%emt 0:02:31]} 18. Bxg7 {[%emt 0:00:15]} Nxg7 {[%emt 0:00:12]} 19. Nh2 {[%emt 0:03:22]} h5 {[%emt 0:02:44]} 20. Qe5 {[%emt 0:01:59]} Nd7 {[%emt 0:01:57]} 21. Qc3 {[%emt 0:00:47]} Nb6 {[%emt 0:02:48]} 22. Nhf3 {[%emt 0:03:39]} Nf5 {[%emt 0:01:20]} 23. cxd5 {[%emt 0:03:23]} exd5 {[%emt 0:02:21]} 24. Qe5 {[%emt 0:00:06]} Qxe5 {[%emt 0:01:15]} 25. Nxe5 {[%emt 0:00:02]} Nd6 {[%emt 0:01:54]} 26. Nb3 {[%emt 0:00:51]} Ne4 {[%emt 0:00:39]} 27. Rdc1 {[%emt 0:00:13]} Kg7 {[%emt 0:02:20]} 28. f3 {[%emt 0:01:48]} c4 {[%emt 0:00:14]} 29. Nd4 {[%emt 0:00:20]} Nc5 {[%emt 0:00:08]} 30. Nec6 {[%emt 0:02:13]} Bxc6 {[%emt 0:00:49]} 31. bxc6 {[%emt 0:00:01]} Ne6 {[%emt 0:00:55]} 32. Kf2 {[%emt 0:01:25]} Nxd4 {[%emt 0:00:05]} 33. exd4 {[%emt 0:00:02]} Rxc6 {[%emt 0:00:28]} 34. Rcb1 {[%emt 0:00:18]} Nd7 {[%emt 0:01:22]} 35. Rb5 {[%emt 0:00:05]} Nf6 {[%emt 0:00:39]} 36. Rab1 {[%emt 0:00:06]} Re6 {[%emt 0:01:23]} 37. h4 {[%emt 0:00:39]} Raa6 {[%emt 0:04:16]} 38. Rc5 {[%emt 0:00:56]} Reb6 {[%emt 0:00:58]} 39. Rxb6 {[%emt 0:00:37]} Rxb6 {[%emt 0:00:05]} 40. Rxa5 {[%emt 0:00:08]} Rb4 {[%emt 0:00:31]} 41. Bd1 {[%emt 0:01:39]} Rb2+ {[%emt 0:01:12]} 42. Be2 {[%emt 0:01:05]} Ra2 {[%emt 0:01:49]} 43. Ra7 {[%emt 0:00:13]} Ne8 {[%emt 0:02:02]} 44. Ra5 {[%emt 0:04:41]} Nc7 {[%emt 0:00:49]} 45. Ke3 {[%emt 0:00:16]} Ra3+ {[%emt 0:00:22]} 46. Kd2 {[%emt 0:00:18]} Ra2+ {[%emt 0:00:04]} 47. Ke1 {[%emt 0:00:13]} Ne6 {[%emt 0:01:37]} 48. Bd1 {[%emt 0:01:01]} Nf4 {[%emt 0:01:02]} 49. g3 {[%emt 0:00:01]} Nd3+ {[%emt 0:00:27]} 50. Kf1 {[%emt 0:00:01]} Rf2+ {[%emt 0:00:26]} 51. Kg1 {[%emt 0:00:01]} Rd2 {[%emt 0:00:07]} 52. Kf1 {[%emt 0:00:07]} Rxd1+ {[%emt 0:00:04]} 53. Ke2 {[%emt 0:00:01]} Rg1 {[%emt 0:00:42]} 54. Rxd5 {[%emt 0:00:01]} Rxg3 {[%emt 0:00:10]} 55. Rd7 {[%emt 0:00:10]} Rg2+ {[%emt 0:00:20]} 56. Ke3 {[%emt 0:00:00]} Nb2 {[%emt 0:00:20]} 57. a5 {[%emt 0:00:05]} Nd1+ {[%emt 0:00:24]} 58. Ke4 {[%emt 1:12:52]} Re2+ {[%emt 0:00:34]} 59. Kd5 {[%emt 0:00:00]} Ne3+ {[%emt 0:00:17]} 60. Ke4 {[%emt 0:00:00]} c3 {[%emt 0:00:34]} 61. a6 {[%emt 0:00:00]} c2 {[%emt 0:00:49]} 62. Rc7 {[%emt 0:00:00]} Nc4+ {[%emt 0:00:07]} 63. Kd3 {[%emt 0:00:00]} 0-1

[Event "2nd Gujarat Open 2019"]
[Site "Ahmedabad, Gujarat"]
[Date "2019.09.22"]
[Round "?"]
[White "Neelotpal, Das"]
[Black "Vijay, Anand M."]
[Result "1-0"]
[WhiteElo "2433"]
[BlackElo "1806"]
[Annotator "NA"]
[PlyCount "85"]
[EventDate "2019.09.22"]
[EventCountry "IND"]
[SourceTitle "playchess.com"]
[Source "ChessBase"]
[SourceQuality "1"]
[TimeControl "5400+30"]

1. e4 {[%emt 0:00:00]} c5 {[%emt 0:04:19]} 2. Nc3 {[%emt 0:00:00]} g6 {[%emt 0:00:14]} 3. g3 {[%emt 0:04:10]} Bg7 {[%emt 0:00:35]} 4. Bg2 {[%emt 0:00:06]} Nc6 {[%emt 0:00:08]} 5. d3 {[%emt 0:00:03]} e6 {[%emt 0:00:51]} 6. Be3 {[%emt 0:00:06]} Nd4 {[%emt 0:00:19]} 7. Qd2 {[%emt 0:00:27]} Ne7 {[%emt 0:00:07]} 8. Nd1 {[%emt 0:00:33]} d6 {[%emt 0:01:52]} 9. c3 {[%emt 0:00:10]} Ndc6 {[%emt 0:00:07]} 10. Bh6 {[%emt 0:05:57]} Bf6 {[%emt 0:17:45]} 11. Nh3 {[%emt 0:09:59]} Ne5 {[%emt 0:03:14]} 12. O-O {[%emt 0:10:46]} Ng4 {[%emt 0:05:02]} 13. Bg5 {[%emt 0:01:27]} Nc6 {[%emt 0:02:35]} 14. f3 {[%emt 0:02:48]} Bxg5 {[%emt 0:01:11]} 15. Nxg5 {[%emt 0:00:05]} Nf6 {[%emt 0:00:41]} 16. f4 {[%emt 0:00:14]} O-O {[%emt 0:00:33]} 17. Ne3 {[%emt 0:00:04]} d5 {[%emt 0:07:54]} 18. e5 d4 {[%emt 0:00:30]} 19. exf6 dxe3 {[%emt 0:00:30]} 20. Qxe3 Qxf6 {[%emt 0:00:30]} 21. Qxc5 Qe7 {[%emt 0:00:30]} 22. Qe3 Bd7 {[%emt 0:00:30]} 23. Rae1 Rae8 {[%emt 0:00:30]} 24. d4 h6 {[%emt 0:00:30]} 25. Nf3 Kg7 {[%emt 0:00:30]} 26. Qd2 Qd6 {[%emt 0:00:30]} 27. Ne5 Bc8 {[%emt 0:00:30]} 28. Rf2 Rd8 {[%emt 0:00:30]} 29. Nxc6 bxc6 {[%emt 0:00:30]} 30. Re5 Rd7 {[%emt 0:00:30]} 31. Qe2 Rb7 {[%emt 0:00:30]} 32. Rc5 Bd7 {[%emt 0:00:30]} 33. Qe5+ Qxe5 {[%emt 0:00:30]} 34. dxe5 Rfb8 {[%emt 0:00:30]} 35. Rd2 Be8 {[%emt 0:00:30]} 36. b4 Rb5 {[%emt 0:00:30]} 37. Rc4 a5 {[%emt 0:00:30]} 38. a4 R5b6 {[%emt 0:00:30]} 39. bxa5 Ra6 {[%emt 0:00:30]} 40. Rc5 Rba8 {[%emt 0:00:30]} 41. Rd6 Rxa5 {[%emt 0:00:30]} 42. Rxa5 Rxa5 {[%emt 0:00:30]} 43. Rd8 1-0

[Event "2nd Gujarat Open 2019"]
[Site "Ahmedabad, Gujarat"]
[Date "2019.09.22"]
[Round "?"]
[White "Karthikeyan, P.."]
[Black "Choubey Saurabh"]
[Result "1-0"]
[WhiteElo "2408"]
[BlackElo "1789"]
[Annotator "NA"]
[PlyCount "101"]
[EventDate "2019.09.22"]
[EventCountry "IND"]
[SourceTitle "playchess.com"]
[Source "ChessBase"]
[SourceQuality "1"]
[TimeControl "5400+30"]

1. d4 {[%emt 0:00:00]} d5 {[%emt 0:00:00]} 2. Nf3 {[%emt 0:00:00]} Nf6 {[%emt 0:00:11]} 3. Bg5 {[%emt 0:00:00]} e6 {[%emt 0:03:00]} 4. e3 {[%emt 0:00:00]} c5 {[%emt 0:00:39]} 5. c3 {[%emt 0:00:05]} Nc6 {[%emt 0:00:36]} 6. Nbd2 {[%emt 0:00:35]} Bd6 {[%emt 0:02:12]} 7. Bd3 {[%emt 0:00:29]} h6 {[%emt 0:02:26]} 8. Bh4 {[%emt 0:00:03]} O-O {[%emt 0:00:47]} 9. O-O {[%emt 0:00:32]} e5 {[%emt 0:02:44]} 10. dxe5 {[%emt 0:04:06]} Nxe5 {[%emt 0:00:10]} 11. Nxe5 {[%emt 0:00:04]} Bxe5 {[%emt 0:00:08]} 12. e4 {[%emt 0:00:26]} Qd6 {[%emt 0:12:15]} 13. exd5 {[%emt 0:07:29]} Nxd5 {[%emt 0:14:28]} 14. Nc4 {[%emt 0:05:12]} Bxh2+ {[%emt 0:13:58]} 15. Kh1 {[%emt 0:00:11]} Qc7 {[%emt 0:00:25]} 16. g3 {[%emt 0:02:26]} g5 {[%emt 0:01:29]} 17. Bxg5 hxg5 {[%emt 0:00:30]} 18. Qh5 f5 {[%emt 0:00:30]} 19. Qxg5+ Qg7 {[%emt 0:00:30]} 20. Qxg7+ Kxg7 {[%emt 0:00:30]} 21. Kxh2 f4 {[%emt 0:00:30]} 22. Be4 Nf6 {[%emt 0:00:30]} 23. Bf3 Ng4+ {[%emt 0:00:30]} 24. Kg2 Be6 {[%emt 0:00:30]} 25. Rfe1 Bxc4 {[%emt 0:00:30]} 26. Bxg4 fxg3 {[%emt 0:00:30]} 27. Kxg3 Rad8 {[%emt 0:00:30]} 28. b3 Rd3+ {[%emt 0:00:30]} 29. f3 Bd5 {[%emt 0:00:30]} 30. Rad1 Rxd1 {[%emt 0:00:30]} 31. Rxd1 Bc6 {[%emt 0:00:30]} 32. c4 Rf6 {[%emt 0:00:30]} 33. Rd8 Kf7 {[%emt 0:00:30]} 34. f4 Ke7 {[%emt 0:00:30]} 35. Ra8 a6 {[%emt 0:00:30]} 36. f5 Rd6 {[%emt 0:00:30]} 37. Kf4 Kf6 {[%emt 0:00:30]} 38. Rf8+ Kg7 {[%emt 0:00:30]} 39. Rb8 Kf6 {[%emt 0:00:30]} 40. Bf3 Rd4+ {[%emt 0:00:30]} 41. Ke3 Bxf3 {[%emt 0:00:30]} 42. Kxf3 Rd2 {[%emt 0:00:30]} 43. Rxb7 Rxa2 {[%emt 0:00:30]} 44. Ke4 Re2+ {[%emt 0:00:30]} 45. Kd5 Re5+ {[%emt 0:00:30]} 46. Kd6 Kxf5 {[%emt 0:00:30]} 47. Rc7 Re3 {[%emt 0:00:30]} 48. Rxc5+ Kf6 {[%emt 0:00:30]} 49. Ra5 Rxb3 {[%emt 0:00:30]} 50. c5 Rb5 {[%emt 0:00:30]} 51. c6 1-0

[Event "2nd Gujarat Open 2019"]
[Site "Ahmedabad, Gujarat"]
[Date "2019.09.22"]
[Round "?"]
[White "Hesham, Abdelrahman"]
[Black "Bagwe Gaurang"]
[Result "1-0"]
[WhiteElo "2396"]
[BlackElo "1788"]
[Annotator "NA"]
[PlyCount "119"]
[EventDate "2019.09.22"]
[EventCountry "IND"]
[SourceTitle "playchess.com"]
[Source "ChessBase"]
[SourceQuality "1"]
[TimeControl "5400+30"]

1. d4 {[%emt 0:02:00]} Nf6 {[%emt 0:00:00]} 2. c4 {[%emt 0:00:09]} e5 {[%emt 0:00:08]} 3. dxe5 {[%emt 0:00:38]} Ng4 {[%emt 0:00:04]} 4. Bf4 {[%emt 0:01:02]} Nc6 {[%emt 0:00:08]} 5. Nf3 {[%emt 0:00:19]} Bb4+ {[%emt 0:00:05]} 6. Nbd2 {[%emt 0:00:19]} Qe7 {[%emt 0:00:07]} 7. e3 {[%emt 0:00:42]} Ngxe5 {[%emt 0:00:08]} 8. Nxe5 {[%emt 0:00:23]} Nxe5 {[%emt 0:00:03]} 9. Be2 {[%emt 0:00:31]} O-O {[%emt 0:01:39]} 10. O-O {[%emt 1:28:57]} Bxd2 {[%emt 0:06:37]} 11. Qxd2 {[%emt 0:00:00]} a5 {[%emt 0:00:05]} 12. c5 {[%emt 0:00:00]} d6 {[%emt 0:09:44]} 13. cxd6 {[%emt 0:00:00]} cxd6 {[%emt 0:01:31]} 14. Rfd1 {[%emt 0:00:00]} Rd8 {[%emt 0:06:25]} 15. Qd4 {[%emt 0:00:00]} Bf5 {[%emt 0:02:02]} 16. Rac1 {[%emt 0:00:00]} Nc6 {[%emt 0:07:46]} 17. Qb6 {[%emt 0:00:00]} Be6 {[%emt 0:08:31]} 18. a3 {[%emt 0:00:00]} a4 {[%emt 0:01:13]} 19. Bb5 {[%emt 0:00:00]} Bb3 {[%emt 0:03:47]} 20. Rxd6 {[%emt 0:00:00]} Rxd6 {[%emt 0:01:00]} 21. Bxd6 {[%emt 0:00:00]} Qxd6 {[%emt 0:00:09]} 22. Qxb7 {[%emt 0:00:00]} Rd8 {[%emt 0:00:14]} 23. Qxc6 {[%emt 0:00:00]} Qe5 {[%emt 0:01:05]} 24. Qc8 {[%emt 0:00:00]} Qd6 25. Bd7 {[%emt 0:00:00]} Rf8 26. Qc6 {[%emt 0:00:00]} Qd2 27. Rb1 {[%emt 0:00:00]} Rd8 28. Bg4 {[%emt 0:00:00]} h5 29. Bf3 {[%emt 0:00:00]} Bd1 30. Qc3 {[%emt 0:00:00]} Qd6 31. e4 {[%emt 0:00:00]} Bxf3 32. Qxf3 {[%emt 0:00:00]} Qd2 33. h3 {[%emt 0:00:00]} Qc2 34. Re1 {[%emt 0:00:00]} Qxb2 35. e5 {[%emt 0:00:00]} Qb3 36. Re3 {[%emt 0:00:00]} Qd1+ 37. Qxd1 {[%emt 0:00:00]} Rxd1+ 38. Kh2 {[%emt 0:00:00]} Ra1 39. Kg3 {[%emt 0:00:00]} g6 40. Kf4 {[%emt 0:00:00]} Ra2 41. Rf3 {[%emt 0:00:00]} Kg7 42. Ke4 {[%emt 0:00:00]} Rd2 43. g4 {[%emt 0:00:00]} hxg4 44. hxg4 {[%emt 0:00:00]} Kf8 45. Rf4 {[%emt 0:00:00]} Ra2 46. e6 {[%emt 0:00:00]} Re2+ 47. Kf3 {[%emt 0:00:00]} Rxe6 48. Rxa4 {[%emt 0:00:00]} Re1 49. Re4 {[%emt 0:00:00]} Ra1 50. Re3 {[%emt 0:00:00]} Ra2 51. Rb3 {[%emt 0:00:00]} Kg7 52. Ke3 {[%emt 0:00:00]} Ra1 53. Kd4 {[%emt 0:00:00]} Ra2 54. f3 {[%emt 0:00:00]} Rc2 55. Rc3 {[%emt 0:00:00]} Rd2+ 56. Kc5 {[%emt 0:00:00]} Rd8 57. a4 {[%emt 0:00:00]} Rc8+ 58. Kb4 {[%emt 0:00:00]} Rb8+ 59. Ka3 {[%emt 0:00:00]} Ra8 60. Rc5 {[%emt 0:00:00]} 1-0

[Event "2nd Gujarat Open 2019"]
[Site "Ahmedabad, Gujarat"]
[Date "2019.09.22"]
[Round "?"]
[White "Vlassov, Nikolai"]
[Black "Kadam Rishi R"]
[Result "1/2-1/2"]
[WhiteElo "2384"]
[BlackElo "1772"]
[Annotator "TA"]
[PlyCount "81"]
[EventDate "2019.09.22"]
[EventCountry "IND"]
[SourceTitle "playchess.com"]
[Source "ChessBase"]
[SourceQuality "1"]

{[%evp 10,81,24,19,18,0,8,0,20,0,16,0,0,0,1,-14,0,-6,23,-20,13,0,0,0,0,0,0,0,3,-7,0,0,9,32,72,23,30,22,14,31,13,17,16,0,41,0,0,0,0,0,0,0,36,4,15,5,17,0,0,0,0,0,0,0,0,0,0,0,0,0,0,0,0,0]} 1. e4 e5 2. Bc4 Nf6 3. d3 Bc5 4. Nf3 Nc6 5. Bg5 h6 6. Bh4 Be7 {C50: Hungarian Defence and Giuoco Pianissimo} (6... d6 7. c3 a6 8. Nbd2 Ba7 9. a4 Qe7 10. Qe2 Be6 11. b4 Bxc4 12. Nxc4 Qe6 13. Bxf6 Qxf6 14. O-O O-O 15. b5 Nd8 {½-½ (32) Yu,Y (2736)-Aronian,L (2756) Riga 2019}) 7. Nbd2 d6 8. c3 a6 9. a4 O-O 10. h3 Nh5 11. Bxe7 Qxe7 12. g3 Kh7 13. Nf1 Be6 14. N3d2 g6 $146 15. Ne3 Rad8 16. a5 Qd7 17. Qb3 Bxc4 18. Ndxc4 Rb8 19. O-O-O Nf6 20. f4 exf4 21. gxf4 d5 22. Ne5 (22. exd5 {with more complications.} Ne7 23. Ne5 Qd6 24. c4 Nh5 25. d4) 22... Qd6 23. Nxd5 Nxe5 24. fxe5 Qxe5 25. Nxf6+ Qxf6 26. Rhf1 Qe6 (26... Qg5+ {looks sharper.} 27. Rd2 Kg7 28. Qb4 Kg8 29. Kc2 b6) 27. Qxe6 (27. Qa3 {seems wilder.} Rbc8 28. Qb4 Kg8 29. Qxb7 Rb8 30. Qd5) 27... fxe6 $14 {[%mdl 4096] Endgame KRR-KRR} 28. Kd2 g5 29. Ke3 Kg6 30. d4 Kh5 31. e5 Kg6 {The position is equal.} 32. c4 c6 33. Kd3 h5 34. Kc3 g4 35. hxg4 hxg4 36. Kb4 Rxf1 37. Rxf1 Rd8 38. Kc5 Rd7 39. Rf8 Rf7 40. Rh8 Rh7 41. Rf8 {Accuracy: White = 51%, Black = 59%.} 1/2-1/2